[Event "FICS rated blitz game"]
[Site "FICS freechess.org"]
[Date "2018.01.13"]
[Round "?"]
[White "windbumwino"]
[Black "Gsgsgs"]
[Result "0-1"]
[WhiteElo "1530"]
[BlackElo "1385"]
[PlyCount "46"]
[EventDate "2018.??.??"]
[EventType "blitz"]

1. e4 e5 2. c3 Nc6 3. Nf3 Nf6 4. d4 exd4 5. Nxd4 d6 6. Nxc6 bxc6 7. h3 Bb7 8.
Qc2 Be7 9. f3 h6 10. Bd3 c5 11. Bf4 Nh5 12. Be3 Ng3 13. Rg1 Bh4 14. Bf2 O-O 15.
Nd2 Nh5 16. Bxh4 Qxh4+ 17. Kd1 Rae8 18. Kc1 Qf2 19. Qd1 d5 20. Qf1 Qxf1+ 21.
Rxf1 Ng3 22. Rf2 dxe4 23. Be2 e3 {White resigns} 0-1

[Event "FICS rated blitz game"]
[Site "FICS freechess.org"]
[Date "2018.01.13"]
[Round "?"]
[White "sunrhades"]
[Black "noinai"]
[Result "0-1"]
[WhiteElo "1725"]
[BlackElo "1715"]
[PlyCount "74"]
[EventDate "2018.??.??"]
[EventType "blitz"]

1. e4 e5 2. Nf3 Nc6 3. c3 d5 4. d4 exd4 5. exd5 Qxd5 6. c4 Qe4+ 7. Be2 Bg4 8.
Nbd2 Qe6 9. O-O O-O-O 10. Nxd4 Rxd4 11. Bxg4 Qxg4 12. f3 Qd7 13. Qc2 Bc5 14.
Kh1 h5 15. Nb3 Nb4 16. Qc3 Rd3 17. Nxc5 Rxc3 18. Nxd7 Rxc4 19. Ne5 Rc5 20. Nxf7
Rh7 21. Be3 Rc2 22. Rad1 Nc6 23. Bxa7 b6 24. Rfe1 Kb7 25. Bxb6 Kxb6 26. Re8 Nf6
27. Ra8 g6 28. Ng5 Re7 29. a4 Ree2 30. b4 Rxg2 31. Ne6 Rxh2+ 32. Kg1 Rcg2+ 33.
Kf1 Kb7 34. Rf8 h4 35. Nc5+ Ka7 36. Rxf6 h3 37. Rxc6 Rh1# {White checkmated}
0-1

[Event "FICS rated blitz game"]
[Site "FICS freechess.org"]
[Date "2018.01.13"]
[Round "?"]
[White "zbobi"]
[Black "JohnSilverAce"]
[Result "1-0"]
[WhiteElo "1556"]
[BlackElo "1447"]
[PlyCount "121"]
[EventDate "2018.??.??"]
[EventType "blitz"]

1. e4 Nc6 2. Nf3 e5 3. c3 Bc5 4. Bc4 Nf6 5. Qb3 O-O 6. Bd5 Na5 7. Qd1 c6 8. Bb3
Nxb3 9. axb3 Nxe4 10. O-O d5 11. Nxe5 Qf6 12. d4 Bb6 13. Nd2 Nxd2 14. Bxd2 c5
15. Be3 cxd4 16. Bxd4 Bxd4 17. cxd4 b6 18. f4 Bb7 19. Nd7 Qd6 20. Nxf8 Rxf8 21.
Rc1 Ba6 22. Rf2 Re8 23. Qf3 Qb4 24. Qd1 g6 25. Rfc2 Re4 26. Rd2 Rxf4 27. h3 Qd6
28. Kh1 Qf6 29. Kh2 Qd6 30. Kh1 Qf6 31. Kh2 Qd6 32. g3 Re4 33. Ra1 Bc8 34. Rxa7
Re3 35. Rg2 Kg7 36. Qc2 Qe6 37. Qc7 Qxh3+ 38. Kg1 Re1+ 39. Kf2 Rd1 40. Qxf7+
Kh6 41. Qxh7+ Kg5 42. Qxh3 Rd2+ 43. Kg1 Bxh3 44. Rxd2 Bf5 45. Kh2 Kg4 46. Rf2
Kg5 47. Ra6 Kg4 48. Rxb6 Kg5 49. Rxf5+ gxf5 50. Rb5 Kf6 51. Rc5 Ke6 52. b4 Kd6
53. b5 Ke6 54. b6 Kf6 55. b7 Kg5 56. b8=Q Kf6 57. b3 Kg5 58. b4 Kg4 59. Qc7 Kf3
60. b5 Ke3 61. b6 1-0

[Event "FICS rated blitz game"]
[Site "FICS freechess.org"]
[Date "2018.01.13"]
[Round "?"]
[White "skrepper"]
[Black "VPolevikov"]
[Result "0-1"]
[WhiteElo "1449"]
[BlackElo "1615"]
[PlyCount "132"]
[EventDate "2018.??.??"]
[EventType "blitz"]

1. e4 e5 2. Nf3 Nc6 3. c3 g6 4. d4 exd4 5. cxd4 Bg7 6. Be3 d6 7. Nc3 Nge7 8.
Be2 O-O 9. O-O h6 10. a3 Kh7 11. h4 f5 12. h5 f4 13. hxg6+ Nxg6 14. Bc1 Nh4 15.
e5 Nxf3+ 16. Bxf3 dxe5 17. dxe5 Nxe5 18. Be4+ Kh8 19. Qxd8 Rxd8 20. Bxf4 c6 21.
Rad1 Be6 22. Rxd8+ Rxd8 23. Rd1 Rxd1+ 24. Nxd1 Nc4 25. Bc1 Ne5 26. f4 Ng4 27.
f5 Bd4+ 28. Kf1 Bc4+ 29. Ke1 Kg7 30. Bf3 Ne5 31. Ne3 Bxe3 32. Bxe3 Nxf3+ 33.
gxf3 b6 34. f6+ Kxf6 35. Bxh6 Kf5 36. Kd2 c5 37. Kc3 Bd5 38. f4 b5 39. b4 cxb4+
40. axb4 Ke4 41. Bg5 a6 42. Bh6 Bc4 43. Bg5 Be2 44. Bh6 Bg4 45. Bg5 Bf5 46. Bh6
Ke3 47. Bg5 Ke2 48. Kd4 Kd2 49. Kc5 Kc3 50. Bh6 Kb3 51. Bf8 Ka4 52. Kb6 Bd3 53.
Kxa6 Kb3 54. Kb6 Kc4 55. Bd6 Kd5 56. f5 Kxd6 57. f6 Ke6 58. Kc7 Kxf6 59. Kd6
Kf5 60. Kd5 Bc4+ 61. Kd6 Ke4 62. Kc5 Kd3 63. Kb6 Kc3 64. Kc5 Kb3 65. Kd6 Kxb4
66. Ke5 Kc3 0-1

[Event "FICS rated blitz game"]
[Site "FICS freechess.org"]
[Date "2018.01.13"]
[Round "?"]
[White "Kolendra"]
[Black "smarlny"]
[Result "0-1"]
[WhiteElo "1537"]
[BlackElo "1459"]
[PlyCount "68"]
[EventDate "2018.??.??"]
[EventType "blitz"]

1. e4 e5 2. Nf3 Nc6 3. c3 Nf6 4. d4 exd4 5. e5 Ne4 6. Qe2 d5 7. exd6 f5 8. dxc7
Qxc7 9. Nbd2 Be7 10. Nxe4 fxe4 11. Qxe4 O-O 12. Bc4+ Kh8 13. O-O Bf5 14. Qe2
dxc3 15. bxc3 Rae8 16. Be3 Bc5 17. Bd3 Bxd3 18. Qxd3 Rd8 19. Nd4 Ne5 20. Qb5 a6
21. Qb3 Bxd4 22. Bxd4 Nc4 23. Rad1 h6 24. Rfe1 b5 25. a4 Nd6 26. axb5 Nxb5 27.
Qb2 Nxd4 28. cxd4 Rd5 29. Re3 Rfd8 30. Red3 Qf4 31. Qa2 Rxd4 32. Rxd4 Rxd4 33.
Re1 Rd2 34. Qxa6 Qxf2+ 0-1

[Event "FICS rated standard game"]
[Site "FICS freechess.org"]
[Date "2018.01.13"]
[Round "?"]
[White "CarveItUp"]
[Black "Woma"]
[Result "1-0"]
[WhiteElo "1785"]
[BlackElo "1845"]
[PlyCount "131"]
[EventDate "2018.??.??"]

1. e4 e5 2. Nf3 Nc6 3. c3 Bc5 4. b4 Bb6 5. b5 Nce7 6. Nxe5 Nf6 7. Nf3 Nxe4 8.
d4 O-O 9. Bd3 d5 10. O-O f5 11. Bf4 Ng6 12. Be5 Be6 13. Qc1 c6 14. c4 cxb5 15.
cxd5 Qxd5 16. Nc3 Nxc3 17. Qxc3 Rac8 18. Qb2 Bc7 19. Bxc7 Rxc7 20. Bxb5 a6 21.
Ba4 Qd6 22. Ng5 Kh8 23. Nxe6 Qxe6 24. Rfe1 Qd6 25. Bb3 Nf4 26. Qd2 Rd8 27. Qe3
h6 28. Qe5 Qxd4 29. Qxc7 Nd3 30. Qc2 Nxe1 31. Rxe1 Qf6 32. h3 b5 33. Rd1 Rxd1+
34. Qxd1 Kh7 35. g4 Qg5 36. Qf3 fxg4 37. hxg4 h5 38. Qf5+ Qxf5 39. gxf5 a5 40.
a3 b4 41. axb4 axb4 42. Kg2 Kh6 43. Kf3 Kg5 44. Ke4 h4 45. f4+ Kf6 46. Bc2 h3
47. Kf3 h2 48. Kg2 h1=Q+ 49. Kxh1 b3 50. Bb1 b2 51. Kg2 Ke7 52. Kf3 Kd6 53. Ke4
Ke7 54. Ke5 Kf7 55. Kd4 Kf6 56. Kc3 Ke7 57. Kxb2 Kd6 58. Kc3 Kd5 59. Kd3 Kd6
60. Ke4 Ke7 61. Ke5 Kf7 62. Ba2+ Ke7 63. Be6 Ke8 64. Kd6 Kd8 65. Bf7 Kc8 66.
Ke7 {Black resigns} 1-0

[Event "FICS rated blitz game"]
[Site "FICS freechess.org"]
[Date "2018.01.13"]
[Round "?"]
[White "Jephtah"]
[Black "fsanyi"]
[Result "1-0"]
[WhiteElo "1504"]
[BlackElo "1494"]
[PlyCount "99"]
[EventDate "2018.??.??"]
[EventType "blitz"]

1. e4 e5 2. Nf3 Nc6 3. c3 Nf6 4. d4 exd4 5. e5 Nd5 6. cxd4 Bb4+ 7. Bd2 Bxd2+ 8.
Nbxd2 d6 9. Bb5 O-O 10. O-O Na5 11. Qa4 c6 12. Be2 b5 13. Qc2 dxe5 14. dxe5 Bb7
15. Rac1 Rc8 16. a3 Nf4 17. Rfe1 c5 18. Bxb5 a6 19. Be2 Nxe2+ 20. Rxe2 c4 21.
Re3 Qb6 22. Rc3 Nb3 23. Nxb3 cxb3 24. Qxb3 Rxc3 25. Qxc3 h6 26. b4 Rc8 27. Qd2
Rxc1+ 28. Qxc1 Bxf3 29. gxf3 Qg6+ 30. Kf1 Qd3+ 31. Kg2 Qf5 32. Qe3 Qg6+ 33. Kf1
Qh5 34. Qf4 g5 35. Qg3 Qg6 36. Kg2 Qd3 37. f4 Qe4+ 38. Kh3 Qf5+ 39. Qg4 Qd3+
40. Qg3 Qf5+ 41. Kg2 g4 42. h3 Qe4+ 43. Kh2 h5 44. hxg4 Qh7 45. gxh5+ Kf8 46.
Qg5 Qe4 47. h6 Qf3 48. Qg3 Qh5+ 49. Qh3 Qg6 50. h7 {Black resigns} 1-0

[Event "FICS unrated blitz game"]
[Site "FICS freechess.org"]
[Date "2018.01.13"]
[Round "?"]
[White "HunGuard"]
[Black "loribrit"]
[Result "0-1"]
[WhiteElo "1625"]
[BlackElo "1411"]
[PlyCount "56"]
[EventDate "2018.??.??"]
[EventType "blitz"]

1. e4 e5 2. Nf3 Nc6 3. c3 Nf6 4. d4 exd4 5. e5 Qe7 6. cxd4 d6 7. Bb5 Bd7 8.
Bxc6 Bxc6 9. O-O dxe5 10. Nxe5 Bd5 11. Re1 O-O-O 12. Nc6 Bxc6 13. Rxe7 Bxe7 14.
Be3 Kb8 15. Nc3 Rhe8 16. Qc2 Bd6 17. Bg5 Be7 18. Rd1 a6 19. Bxf6 Bxf6 20. Ne2
Bb5 21. Ng3 Rxd4 22. h3 Rxd1+ 23. Qxd1 Bxb2 24. Qc2 Bd4 25. Qxh7 Re1+ 26. Kh2
Bxf2 27. Qxg7 Bg1+ 28. Kh1 Bd4+ {White resigns} 0-1

[Event "FICS rated standard game"]
[Site "FICS freechess.org"]
[Date "2018.01.13"]
[Round "?"]
[White "homeallen"]
[Black "HankMD"]
[Result "1/2-1/2"]
[WhiteElo "1561"]
[BlackElo "1370"]
[PlyCount "141"]
[EventDate "2018.??.??"]

1. e4 e5 2. Nf3 Nc6 3. c3 Nf6 4. Qc2 d6 5. d4 Be6 6. d5 Qd7 7. dxe6 fxe6 8. Bc4
d5 9. exd5 exd5 10. Bb3 e4 11. Nd4 Nxd4 12. cxd4 O-O-O 13. O-O Qg4 14. Be3 Nh5
15. Nc3 Nf6 16. Qd1 Qg6 17. Re1 Bd6 18. Nxd5 Ng4 19. Nf4 Rhf8 20. Qd2 Qh6 21.
h3 Nxe3 22. Qxe3 Bxf4 23. Qxe4 Bd2 24. Re2 Rde8 25. Qg4+ Kb8 26. Rxe8+ Rxe8 27.
Rd1 g6 28. Bf7 Re7 29. Qg3 Bf4 30. Qb3 Qg7 31. g3 Rxf7 32. gxf4 Rxf4 33. Re1
Rf8 34. Qe3 Qf7 35. Kh2 b6 36. Qe7 Qxf2+ 37. Kh1 Qf7 38. Qxf7 Rxf7 39. Kg2 Kb7
40. Kg3 Kc6 41. Kg4 Kd5 42. Rd1 c5 43. dxc5+ Kxc5 44. Kg5 Kc6 45. Kh6 Rd7 46.
Rxd7 Kxd7 47. Kxh7 g5 48. Kg6 Kc6 49. Kxg5 Kd7 50. h4 Ke7 51. Kg6 Kf8 52. h5
Kg8 53. h6 Kh8 54. b3 a5 55. a3 b5 56. Kf5 Kh7 57. Ke5 Kxh6 58. Kd5 Kg7 59. Kc5
b4 60. axb4 axb4 61. Kxb4 Kf8 62. Kc5 Ke8 63. b4 Kd8 64. b5 Kc8 65. Kc6 Kb8 66.
b6 Kc8 67. Kb5 Kb7 68. Kc5 Kb8 69. Kc6 Kc8 70. b7+ Kb8 71. Kb6 1/2-1/2

[Event "FICS rated blitz game"]
[Site "FICS freechess.org"]
[Date "2018.01.13"]
[Round "?"]
[White "zbobi"]
[Black "JrBadi"]
[Result "0-1"]
[WhiteElo "1546"]
[BlackElo "1450"]
[PlyCount "74"]
[EventDate "2018.??.??"]
[EventType "blitz"]

1. e4 e5 2. Nf3 Nc6 3. c3 Bc5 4. Bc4 Nf6 5. Qb3 O-O 6. Bd5 Na5 7. Qc2 Nxd5 8.
exd5 Nc4 9. d3 Nd6 10. Nxe5 Re8 11. d4 Bb6 12. O-O f6 13. Ng4 Ne4 14. Nd2 Nxd2
15. Bxd2 d6 16. b4 Bxg4 17. a4 a5 18. b5 Re2 19. f3 Bh5 20. Qd3 Re5 21. c4 Bg6
22. Qc3 Rh5 23. c5 dxc5 24. dxc5 Ba7 25. Kh1 Rxd5 26. Qc4 Bxc5 27. Bc3 Bd3 28.
Qb3 Bxf1 29. Rxf1 c6 30. bxc6 bxc6 31. Rd1 Rb8 32. Qa2 Kf8 33. Re1 Rd1 34. h3
Rbb1 35. Bxa5 Rxe1+ 36. Bxe1 Rxe1+ 37. Kh2 Bd6+ {White resigns} 0-1

[Event "FICS rated blitz game"]
[Site "FICS freechess.org"]
[Date "2018.01.13"]
[Round "?"]
[White "windbumwino"]
[Black "jestsahist"]
[Result "0-1"]
[WhiteElo "1441"]
[BlackElo "1477"]
[PlyCount "114"]
[EventDate "2018.??.??"]
[EventType "blitz"]

1. e4 e5 2. c3 Nc6 3. Nf3 Bc5 4. d4 exd4 5. cxd4 Bb4+ 6. Bd2 Bxd2+ 7. Nbxd2 d6
8. d5 Ne5 9. Nxe5 dxe5 10. Qa4+ Bd7 11. Bb5 Nf6 12. f3 a6 13. Bxd7+ Nxd7 14.
O-O O-O 15. Qb3 Nc5 16. Qe3 b6 17. b4 Nd7 18. a4 Qe7 19. Qb3 a5 20. b5 Nc5 21.
Qc4 Rac8 22. Nb3 Nxb3 23. Qxb3 Qc5+ 24. Kh1 Qd6 25. Rac1 Rfe8 26. Rc6 Qd7 27.
Rfc1 f6 28. Qc4 Re7 29. Qd3 h6 30. Qe3 f5 31. Qf2 fxe4 32. fxe4 Rf7 33. Qg3 Qe7
34. Kg1 Qb4 35. Qg6 Qd4+ 36. Kh1 Qe3 37. Qe6 Qxe4 38. Qxc8+ Kh7 39. Qe6 Rf6 40.
Qe8 Qxd5 41. Rxf6 gxf6 42. Qe7+ Kg6 43. Qxc7 e4 44. Qc2 f5 45. Rd1 Qe5 46. Qc6+
Kg5 47. Qc1+ f4 48. Rf1 e3 49. g3 e2 50. Re1 Kg4 51. Qxf4+ Qxf4 52. gxf4 Kf3
53. h3 Kf2 54. f5 Kxe1 55. f6 Kd2 56. f7 e1=Q+ 57. Kg2 Qe2+ 0-1

[Event "FICS rated blitz game"]
[Site "FICS freechess.org"]
[Date "2018.01.13"]
[Round "?"]
[White "Uddo"]
[Black "fbraine"]
[Result "1-0"]
[WhiteElo "1461"]
[BlackElo "1346"]
[PlyCount "75"]
[EventDate "2018.??.??"]
[EventType "blitz"]

1. e4 e5 2. Nf3 Nc6 3. c3 d5 4. exd5 Qxd5 5. d4 exd4 6. c4 Qa5+ 7. Bd2 Qb6 8.
Qc2 Nf6 9. Bd3 Be6 10. b3 O-O-O 11. O-O h6 12. Rc1 Nb4 13. Bxb4 Qxb4 14. Nbd2
Bc5 15. a3 Qb6 16. b4 Be7 17. c5 Qc6 18. b5 Qd5 19. Be4 Nxe4 20. Nxe4 Bf5 21.
Nfd2 d3 22. Qa4 Bxe4 23. Nxe4 Kd7 24. b6+ Ke6 25. bxa7 Qc6 26. Qc4+ Qd5 27. Qb4
Kf5 28. Ng3+ Kg6 29. Rd1 Bxc5 30. Qg4+ Kh7 31. Qf5+ Qxf5 32. Nxf5 Bxa7 33. a4
g6 34. Ne3 Rhe8 35. a5 Rxe3 36. fxe3 d2 37. Kf2 Bxe3+ 38. Kxe3 1-0

[Event "FICS rated blitz game"]
[Site "FICS freechess.org"]
[Date "2018.01.13"]
[Round "?"]
[White "jbuky"]
[Black "guttermaster"]
[Result "0-1"]
[WhiteElo "1469"]
[BlackElo "1692"]
[PlyCount "86"]
[EventDate "2018.??.??"]
[EventType "blitz"]

1. e4 e5 2. Nf3 Nc6 3. c3 Nf6 4. d4 exd4 5. e5 Ne4 6. cxd4 d5 7. Nc3 Nxc3 8.
bxc3 Be7 9. Bd3 f6 10. exf6 Bxf6 11. Qe2+ Qe7 12. O-O Qxe2 13. Bxe2 O-O 14. Ba3
Re8 15. Rfe1 Bg4 16. h3 Bh5 17. Bb5 Bxf3 18. gxf3 Rxe1+ 19. Rxe1 Kf7 20. Bxc6
bxc6 21. Rb1 Ke6 22. Kf1 Kd7 23. Bc1 a5 24. a4 Ra6 25. Be3 Rb6 26. Rxb6 cxb6
27. Ke2 g6 28. Kd3 b5 29. Bd2 Be7 30. Kc2 Ke6 31. Kb3 Kf5 32. axb5 cxb5 33. Be3
a4+ 34. Ka2 Bg5 35. Ka3 Bxe3 36. fxe3 g5 37. Kb4 h5 38. Ka3 g4 39. hxg4+ hxg4
40. fxg4+ Kxg4 41. e4 dxe4 42. d5 Kf5 43. d6 Ke6 {White resigns} 0-1

[Event "FICS rated blitz game"]
[Site "FICS freechess.org"]
[Date "2018.01.13"]
[Round "?"]
[White "proximab"]
[Black "Geforce"]
[Result "1-0"]
[WhiteElo "2034"]
[BlackElo "2111"]
[PlyCount "57"]
[EventDate "2018.??.??"]
[EventType "blitz"]

1. e4 e5 2. Nf3 Nc6 3. c3 Bd6 4. Bc4 Nf6 5. Ng5 O-O 6. d3 Qe7 7. O-O h6 8. Nf3
Na5 9. Nbd2 Nxc4 10. Nxc4 Bc5 11. Ncxe5 d6 12. Nc4 Ng4 13. d4 Bb6 14. h3 Nf6
15. e5 Nd5 16. Qd3 f5 17. Nxb6 axb6 18. c4 Nb4 19. Qb3 Nc6 20. c5+ Kh8 21. cxd6
cxd6 22. exd6 Qxd6 23. Qxb6 Be6 24. a3 Bd5 25. Qc5 Qd8 26. Ne5 f4 27. Ng6+ Kg8
28. Nxf8 f3 29. Ng6 1-0

[Event "FICS rated blitz game"]
[Site "FICS freechess.org"]
[Date "2018.01.13"]
[Round "?"]
[White "drjineshm"]
[Black "bvrus"]
[Result "1-0"]
[WhiteElo "1532"]
[BlackElo "1579"]
[PlyCount "77"]
[EventDate "2018.??.??"]
[EventType "blitz"]

1. e4 e5 2. Nf3 Nc6 3. c3 Nf6 4. d4 exd4 5. e5 Ng8 6. cxd4 d5 7. Nc3 Bb4 8. Bb5
Bg4 9. O-O a6 10. Ba4 b5 11. Bc2 Na5 12. a3 Be7 13. Qd3 Nc4 14. b3 Nb6 15. Be3
Bxf3 16. gxf3 Qd7 17. Ne2 c6 18. Rac1 Qh3 19. Ng3 h5 20. Qf5 Qh4 21. Kh1 g6 22.
Qf4 Qxf4 23. Bxf4 g5 24. Be3 h4 25. Nf5 f6 26. Nxe7 Kxe7 27. exf6+ Kxf6 28. Rg1
Rh5 29. f4 gxf4 30. Bxf4 Ne7 31. Be5+ Kf7 32. Rg7+ Ke6 33. Re1 Kd7 34. Bf6 Re8
35. Bxe7 Rxe7 36. Rexe7+ Kd8 37. Rb7 Kc8 38. Rxb6 Rf5 39. Kg2 {Black resigns}
1-0

[Event "FICS rated blitz game"]
[Site "FICS freechess.org"]
[Date "2018.01.13"]
[Round "?"]
[White "NicolausSilver"]
[Black "ShivaOM"]
[Result "0-1"]
[WhiteElo "1321"]
[BlackElo "1555"]
[PlyCount "64"]
[EventDate "2018.??.??"]
[EventType "blitz"]

1. e4 e5 2. Nf3 Nc6 3. c3 d6 4. Bb5 Bd7 5. Bc4 Be7 6. Bxf7+ Kxf7 7. Qb3+ Ke8 8.
Qxb7 Rb8 9. Qa6 Nf6 10. Qe2 h6 11. d3 Rf8 12. b4 Bg4 13. Nbd2 Nh5 14. h3 Nf4
15. Qf1 Be6 16. Nb3 Kd7 17. Bxf4 Rxf4 18. Qe2 Qf8 19. Nbd2 a5 20. a3 axb4 21.
axb4 Ra8 22. Rxa8 Qxa8 23. O-O Qe8 24. b5 Nd8 25. c4 Qg6 26. Kh2 Nf7 27. g3 Rf6
28. Nh4 Qh7 29. Nf5 Bxf5 30. exf5 Qxf5 31. Nf3 Qxf3 32. b6 Qxe2 {White resigns}
0-1

[Event "FICS rated blitz game"]
[Site "FICS freechess.org"]
[Date "2018.01.13"]
[Round "?"]
[White "bvrus"]
[Black "MarkShark"]
[Result "0-1"]
[WhiteElo "1594"]
[BlackElo "1528"]
[PlyCount "104"]
[EventDate "2018.??.??"]
[EventType "blitz"]

1. e4 e5 2. Nf3 Nc6 3. c3 d6 4. h3 Nf6 5. Bc4 Be6 6. Bb5 a6 7. Bxc6+ bxc6 8.
Qe2 Be7 9. d4 exd4 10. cxd4 d5 11. e5 Nd7 12. Nc3 Bb4 13. O-O Bxc3 14. bxc3 O-O
15. Ba3 Re8 16. Rab1 Nb6 17. Bc1 Bf5 18. Rb4 Nc4 19. Nd2 Nxd2 20. Bxd2 f6 21.
f4 Be4 22. a4 Rb8 23. Ra1 Rxb4 24. cxb4 Qd7 25. Qxa6 fxe5 26. fxe5 Qf5 27. Qf1
Qg6 28. Qf4 Rf8 29. Qg4 Qf7 30. Be3 Qe7 31. Bd2 Qf7 32. Qe2 Qg6 33. a5 Rb8 34.
a6 Ra8 35. a7 h6 36. Ra6 Bd3 37. Qe3 Bxa6 38. e6 Qe8 39. e7 Rxa7 40. Qe6+ Kh8
41. Bxh6 Bd3 42. Bg5 Ra1+ 43. Kh2 Rf1 44. h4 Rf7 45. Qg4 Bf5 46. Qg3 Rxe7 47.
Bxe7 Qxe7 48. Qg5 Kg8 49. Qh5 Qd6+ 50. g3 Qe6 51. Qe2 Qxe2+ 52. Kh1 Qd3 {
White resigns} 0-1

[Event "FICS rated standard game"]
[Site "FICS freechess.org"]
[Date "2018.01.13"]
[Round "?"]
[White "proximab"]
[Black "elosdomal"]
[Result "1-0"]
[WhiteElo "2079"]
[BlackElo "1350"]
[PlyCount "85"]
[EventDate "2018.??.??"]

1. e4 e5 2. Nf3 Nc6 3. c3 d5 4. Qa4 Bd7 5. exd5 Nce7 6. Qb3 Bf5 7. Qxb7 Nxd5 8.
Bb5+ Ke7 9. Nxe5 Rb8 10. Nc6+ Kf6 11. Qxb8 Qxb8 12. Nxb8 Nf4 13. O-O Ne7 14.
Re1 Ned5 15. d4 Bd6 16. Nc6 Bd7 17. Bxf4 Bxf4 18. Nxa7 Bxb5 19. Nxb5 Rb8 20. c4
Nb4 21. Re2 c6 22. N5c3 Nd3 23. b3 c5 24. Ne4+ Kg6 25. Nxc5 Nxc5 26. dxc5 f6
27. Nd2 Rd8 28. Nf3 Rc8 29. g3 Bb8 30. b4 h5 31. a4 Rd8 32. Re7 Rd3 33. Nh4+
Kh7 34. c6 Kh6 35. Nf5+ Kg5 36. Nxg7 Bd6 37. c7 Bxc7 38. h4+ Kg4 39. Rxc7 Rd2
40. Kg2 Rc2 41. Rd1 f5 42. Rd4+ f4 43. Rxf4# {Black checkmated} 1-0

[Event "FICS rated blitz game"]
[Site "FICS freechess.org"]
[Date "2018.01.13"]
[Round "?"]
[White "Fomby"]
[Black "Lostbishop"]
[Result "1-0"]
[WhiteElo "1389"]
[BlackElo "1382"]
[PlyCount "75"]
[EventDate "2018.??.??"]
[EventType "blitz"]

1. e4 e5 2. Nf3 Nc6 3. c3 Nf6 4. d3 Bc5 5. h3 h6 6. Be2 d6 7. O-O O-O 8. b4 Bb6
9. Be3 d5 10. Bxb6 axb6 11. exd5 Nxd5 12. a3 Nf4 13. Qc2 Bxh3 14. gxh3 Nxh3+
15. Kh2 Nf4 16. Rg1 Qd7 17. Rg3 Qf5 18. Bf1 Rad8 19. Nbd2 Qh5+ 20. Rh3 Nxh3 21.
Bxh3 g5 22. Rg1 f5 23. Qb3+ Kh7 24. Qe6 g4 25. Rg3 Rxd3 26. Nxe5 Rxg3 27. Qd7+
Kg8 28. Qe6+ Kg7 29. fxg3 Qxh3+ 30. Kg1 Qxg3+ 31. Kf1 Qh3+ 32. Ke1 Qh5 33. Nd7
Rf7 34. Qd5 Re7+ 35. Kd1 g3+ 36. Kc2 g2 37. Qxg2+ Kh7 38. Nf6+ {Black resigns}
1-0

[Event "FICS rated blitz game"]
[Site "FICS freechess.org"]
[Date "2018.01.13"]
[Round "?"]
[White "sasfro"]
[Black "Gimolus"]
[Result "1-0"]
[WhiteElo "1247"]
[BlackElo "1026"]
[PlyCount "39"]
[EventDate "2018.??.??"]
[EventType "blitz"]

1. e4 e5 2. Nf3 Nc6 3. c3 Bc5 4. d4 exd4 5. cxd4 Bb6 6. Bc4 f6 7. O-O Nh6 8.
Bxh6 Qe7 9. Bf4 Kd8 10. Nc3 Qb4 11. Bb3 Nxd4 12. Nxd4 Bxd4 13. Rc1 Be5 14. Bxe5
fxe5 15. Nd5 Qd6 16. Qg4 g6 17. Qg5+ Ke8 18. Nxc7+ Qxc7 19. Rxc7 d6 20. Qe7# {
Black checkmated} 1-0

[Event "FICS rated blitz game"]
[Site "FICS freechess.org"]
[Date "2018.01.13"]
[Round "?"]
[White "jezebelben"]
[Black "Viroo"]
[Result "0-1"]
[WhiteElo "1342"]
[BlackElo "1254"]
[PlyCount "60"]
[EventDate "2018.??.??"]
[EventType "blitz"]

1. e4 e5 2. Nf3 Nc6 3. c3 a6 4. d4 exd4 5. cxd4 Bb4+ 6. Bd2 Nge7 7. d5 Bxd2+ 8.
Nbxd2 Na7 9. Be2 d6 10. O-O O-O 11. h3 f5 12. Nh2 fxe4 13. Nxe4 Nf5 14. Bd3 Qh4
15. Rc1 Rf7 16. Ng3 Nxg3 17. fxg3 Qxg3 18. Rxf7 Kxf7 19. Rxc7+ Kg8 20. Nf3 Bxh3
21. Qd2 Rf8 22. Ng5 Bg4 23. Bxh7+ Kh8 24. Be4 Nb5 25. Rxb7 Bc8 26. Re7 Rf4 27.
Nf7+ Kg8 28. Re8+ Kxf7 29. Rxc8 Rxe4 30. Rc2 Re1+ {White resigns} 0-1

[Event "FICS rated blitz game"]
[Site "FICS freechess.org"]
[Date "2018.01.13"]
[Round "?"]
[White "windbumwino"]
[Black "noinai"]
[Result "0-1"]
[WhiteElo "1549"]
[BlackElo "1717"]
[PlyCount "140"]
[EventDate "2018.??.??"]
[EventType "blitz"]

1. e4 e5 2. c3 Nc6 3. Nf3 d5 4. exd5 Qxd5 5. d4 e4 6. Ne5 Nxe5 7. dxe5 Qxe5 8.
Be3 Be6 9. Nd2 Rd8 10. Qa4+ Bd7 11. Qxe4 Qxe4 12. Nxe4 Bc6 13. f3 f5 14. Nc5
Rd5 15. Nb3 Re5 16. Kf2 Nf6 17. Bd3 g6 18. h3 Bg7 19. Rhe1 O-O 20. Bd4 Ree8 21.
Bxf6 Bxf6 22. Bc4+ Kg7 23. Rxe8 Rxe8 24. Re1 Rxe1 25. Kxe1 Bh4+ 26. Ke2 b5 27.
Be6 Kf6 28. Bc8 Bd5 29. Nd4 Bc4+ 30. Kd2 Bg5+ 31. Kc2 c5 32. Nc6 Bf1 33. g4
Bxh3 34. gxf5 Bxf5+ 35. Bxf5 gxf5 36. Nxa7 h5 37. Kd3 h4 38. Ke2 h3 39. Kf2 h2
40. Kg2 Bf4 41. Nxb5 Ke5 42. a4 Kd5 43. a5 Kc6 44. c4 Kb7 45. b3 Ka6 46. Nc3
Kxa5 47. Nd5 Bd6 48. f4 Ka6 49. Kxh2 Kb7 50. Kg3 Kc6 51. Kf3 Kd7 52. Ke3 Ke6
53. Kd3 Bf8 54. Kc3 Bh6 55. Kd3 Kd6 56. Kc2 Kc6 57. Kb2 Kd6 58. Ka3 Kc6 59. Ka4
Kd6 60. b4 Bf8 61. b5 Kd7 62. Ka5 Kc8 63. Ka6 Kb8 64. b6 Bd6 65. Kb5 Bf8 66.
Nf6 Bd6 67. Nd7+ Kb7 68. Nf6 Bxf4 69. Nd5 Bd6 70. Nf6 f4 0-1

[Event "FICS rated standard game"]
[Site "FICS freechess.org"]
[Date "2018.01.13"]
[Round "?"]
[White "piaanist"]
[Black "FabioLuca"]
[Result "1-0"]
[WhiteElo "1491"]
[BlackElo "1762"]
[PlyCount "117"]
[EventDate "2018.??.??"]

1. e4 e5 2. Nf3 Nc6 3. c3 Nf6 4. d3 Be7 5. Be2 O-O 6. O-O d5 7. Qc2 dxe4 8.
dxe4 Be6 9. Bb5 a6 10. Bxc6 bxc6 11. Nxe5 Qe8 12. Be3 Bd6 13. f4 Bc4 14. Rf2
Bxe5 15. fxe5 Nd7 16. Nd2 Nxe5 17. Qa4 Bb5 18. Qc2 Qe6 19. b3 Bd3 20. Qb2 Qg6
21. Bd4 Rfe8 22. c4 Bxe4 23. Bxe5 Rxe5 24. Qxe5 Bd3 25. Qxc7 Rf8 26. Nf3 Qf6
27. Ne5 Bf5 28. Raf1 g6 29. g4 Qg5 30. h3 h5 31. Kh2 hxg4 32. Nxg4 Bxg4 33.
Rxf7 Rxf7 34. Qxf7+ Kh8 35. hxg4 Qh4+ 36. Kg2 Qxg4+ 37. Kf2 Qd4+ 38. Ke2 Qe4+
39. Kd2 Qd4+ 40. Kc2 Qe4+ 41. Kb2 Qd4+ 42. Ka3 Qc5+ 43. Kb2 Qd4+ 44. Kc2 Qe4+
45. Kd2 Qd4+ 46. Ke2 Qe4+ 47. Kf2 Qd4+ 48. Kg3 Qe5+ 49. Rf4 g5 50. Qf6+ Qxf6
51. Rxf6 Kg7 52. Rxc6 a5 53. Kg4 Kf7 54. Kxg5 Ke7 55. Ra6 Kd7 56. Rxa5 Kc7 57.
a4 Kb6 58. Rb5+ Kc7 59. a5 {Black resigns} 1-0

[Event "FICS rated standard game"]
[Site "FICS freechess.org"]
[Date "2018.01.13"]
[Round "?"]
[White "louarn"]
[Black "fedand"]
[Result "1-0"]
[WhiteElo "1503"]
[BlackElo "1292"]
[PlyCount "40"]
[EventDate "2018.??.??"]

1. e4 e5 2. Nf3 Nc6 3. c3 Nf6 4. d3 Be7 5. Qb3 O-O 6. Bg5 h6 7. Bxf6 Bxf6 8.
Be2 Na5 9. Qc2 c6 10. O-O b5 11. d4 exd4 12. cxd4 d5 13. e5 Be7 14. Bd3 Bg4 15.
Ne1 Bh4 16. g3 Bg5 17. Be2 Bh3 18. Ng2 Bxg2 19. Kxg2 Qf6 20. exf6 Bxf6 {
Black resigns} 1-0

[Event "FICS rated blitz game"]
[Site "FICS freechess.org"]
[Date "2018.01.13"]
[Round "?"]
[White "intihuantana"]
[Black "Gillamenace"]
[Result "1-0"]
[WhiteElo "1965"]
[BlackElo "2002"]
[PlyCount "61"]
[EventDate "2018.??.??"]
[EventType "blitz"]

1. e4 e5 2. Nf3 Nc6 3. c3 Nf6 4. d4 Nxe4 5. d5 Ne7 6. Nxe5 d6 7. Bb5+ Nc6 8.
dxc6 dxe5 9. cxb7+ Bd7 10. Qxd7+ Qxd7 11. bxa8=Q+ Ke7 12. Bxd7 Kxd7 13. Qxe4
Bd6 14. O-O h6 15. Qa4+ Ke7 16. Qxa7 Rd8 17. Nd2 Kf8 18. Ne4 Kg8 19. Nxd6 cxd6
20. Be3 Rf8 21. Rfd1 Kh7 22. Rxd6 Kg8 23. Rad1 Kh7 24. Rd8 Rxd8 25. Rxd8 Kg6
26. Qb6+ f6 27. Rg8 Kh7 28. Qd8 Kg6 29. g4 Kh7 30. Qf8 Kg6 31. Qxg7# {Black
checkmated} 1-0